• 首页
  • 本馆介绍
  • 公告通知
  • 最新文献
  • 馆藏检索
  • 电子资源
  • 读者导购
  • 参考咨询
  • 我的图书馆
  • 登录
  • 详细信息显示
  • 放入我的书架
  • 预约/预借图书
  • 作者相关作品
  • 分类相关作品
  • 丛书相关作品
  • 出版社相关作品

书目信息

  • 表格格式
  • 工作单格式
  • 卡片格式
题名:
中国启蒙的自觉与焦虑
    
 
作者: 许纪霖 , 刘擎 主编
分册:  
出版信息: 上海   上海人民出版社  2016.02
页数: 427页
开本: 24cm
丛书名: 知识分子论丛
单 册:
中图分类: K261.107
科图分类:
主题词: 五四运动--wu si yun dong--研究
电子资源:
ISBN: 978-7-208-13525-3
000 01181nam 2200301 450
001 0109110059
005 20201109110334.0
010    @a978-7-208-13525-3@dCNY42.00
100    @a20160414d2016 em y0chiy50 ea
101 0  @achi
102    @aCN@b310000
105    @ay z 000yy
106    @ar
200 1  @a中国启蒙的自觉与焦虑@Azhong guo qi meng de zi jue yu jiao lv@e新文化运动百年省思@f许纪霖, 刘擎主编
210    @a上海@c上海人民出版社@d2016.02
215    @a427页@d24cm
225 2  @a知识分子论丛@Azhi shi fen zi lun cong@h第14辑
300    @aCSSCI来源集刊
300    @a华东师范大学-不列颠哥伦比亚大学现代中国与世界联合研究中心主办
330    @a本书以新文化运动百年为背景,收录了近期国内知识界学人的研究性文章,涉及对新文化运动诉求和性质的讨论,以及李大钊等当时知识分子思想的分析,多角度反思新文化运动百年的得失启迪。
461  0 @12001 @a知识分子论丛
517 1  @a新文化运动百年省思@Axin wen hua yun dong bai nian sheng si
606 0  @a五四运动@Awu si yun dong@x研究
690    @aK261.107@v5
701  0 @a许纪霖@Axu ji lin@f(1957~)@4主编
701  0 @a刘擎@Aliu qing@f(1963~)@4主编
801  0 @aCN@bBJSZM@c20201103
905    @b1266166-70@dK261.107@e149@f5
    
    中国启蒙的自觉与焦虑:新文化运动百年省思/许纪霖, 刘擎主编.-上海:上海人民出版社,2016.02
    427页;24cm.-(知识分子论丛.第14辑)
    CSSCI来源集刊.-华东师范大学-不列颠哥伦比亚大学现代中国与世界联合研究中心主办
    
    ISBN 978-7-208-13525-3:CNY42.00
    本书以新文化运动百年为背景,收录了近期国内知识界学人的研究性文章,涉及对新文化运动诉求和性质的讨论,以及李大钊等当时知识分子思想的分析,多角度反思新文化运动百年的得失启迪。
●
相关链接 在E读中查询图书 在五车中查询图书 在当当中查询图书 在豆瓣中查询图书


正题名:中国启蒙的自觉与焦虑     索取号:K261.107/149         预约/预借

序号 登录号 条形码 馆藏地/架位号 状态 备注
1 1266166   212661662   第二样本阅览室/ [索取号:K261.107/149] 在馆    
2 1266167   212661671   教育系资料室/ [索取号:K261.107/149] 在馆    
3 1266168   212661680   教育系资料室/ [索取号:K261.107/149] 在馆    
4 1266169   212661699   第二借阅区/ [索取号:K261.107/149] 在馆    
5 1266170   212661706   第二借阅区/ [索取号:K261.107/149] 在馆    
唐山师范学院图书馆 欢迎您!
大连网信软件有限公司© 版权所有